MARC details
| 000 -LEADER |
| fixed length control field |
03025cas a2200733 a 4500 |
| 001 - CONTROL NUMBER |
| control field |
11376699 |
| 003 - CONTROL NUMBER IDENTIFIER |
| control field |
OSt |
| 005 - DATE AND TIME OF LATEST TRANSACTION |
| control field |
20230703105854.0 |
| 008 - FIXED-LENGTH DATA ELEMENTS--GENERAL INFORMATION |
| fixed length control field |
891211c19909999enkar r 0 a0eng c |
| 010 ## - LIBRARY OF CONGRESS CONTROL NUMBER |
| LC control number |
90657474 |
| Canceled/invalid LC control number |
sn 90024861 |
| 015 ## - NATIONAL BIBLIOGRAPHY NUMBER |
| National bibliography number |
015516954 |
| Source |
dnb |
| 016 7# - NATIONAL BIBLIOGRAPHIC AGENCY CONTROL NUMBER |
| Record control number |
1018840-x |
| Source |
DE-600 |
| 016 7# - NATIONAL BIBLIOGRAPHIC AGENCY CONTROL NUMBER |
| Record control number |
010636300 |
| Source |
Uk |
| 016 7# - NATIONAL BIBLIOGRAPHIC AGENCY CONTROL NUMBER |
| Record control number |
015516954 |
| Source |
DE-101 |
| 016 7# - NATIONAL BIBLIOGRAPHIC AGENCY CONTROL NUMBER |
| Record control number |
1018840x |
| Source |
DE-600 |
| 016 7# - NATIONAL BIBLIOGRAPHIC AGENCY CONTROL NUMBER |
| Record control number |
015516954 |
| Source |
de-101 |
| 016 7# - NATIONAL BIBLIOGRAPHIC AGENCY CONTROL NUMBER |
| Record control number |
1018840x |
| Source |
de-600 |
| 016 ## - NATIONAL BIBLIOGRAPHIC AGENCY CONTROL NUMBER |
| Record control number |
(AMICUS)000009400202 |
| 022 0# - INTERNATIONAL STANDARD SERIAL NUMBER |
| International Standard Serial Number |
0958-8558 |
| ISSN-L |
0958-8558 |
| 035 ## - SYSTEM CONTROL NUMBER |
| System control number |
(OCoLC)ocm20765089 |
| 040 ## - CATALOGING SOURCE |
| Original cataloging agency |
SLW |
| Language of cataloging |
eng |
| Transcribing agency |
SLW |
| Modifying agency |
HUL |
| -- |
DLC |
| -- |
NST |
| -- |
DLC |
| -- |
OCLCQ |
| -- |
HLS |
| -- |
TJC |
| -- |
SINLB |
| -- |
DEBBG |
| -- |
GBVCP |
| -- |
OCLCA |
| -- |
HLS |
| -- |
UKMGB |
| -- |
OCLCQ |
| -- |
OCLCO |
| -- |
OCLCF |
| -- |
OCLCO |
| -- |
CSAIL |
| -- |
NLC |
| -- |
OCLCO |
| -- |
OCLCQ |
| -- |
W7L |
| -- |
B2Q |
| -- |
NLGGC |
| -- |
TULIB |
| -- |
OCLCO |
| -- |
OCL |
| 042 ## - AUTHENTICATION CODE |
| Authentication code |
pcc |
| 043 ## - GEOGRAPHIC AREA CODE |
| Geographic area code |
b------ |
| 050 00 - LIBRARY OF CONGRESS CALL NUMBER |
| Classification number |
JN248 |
| Item number |
.C5548 |
| 082 00 - DEWEY DECIMAL CLASSIFICATION NUMBER |
| Classification number |
351/.00025/171241 |
| Edition number |
20 |
| 082 04 - DEWEY DECIMAL CLASSIFICATION NUMBER |
| Classification number |
351 |
| Edition number |
20 |
| Item number |
COM |
| 210 1# - ABBREVIATED TITLE |
| Abbreviated title |
Commonw. minist. ref. book |
| 222 #0 - KEY TITLE |
| Key title |
Commonwealth ministers reference book |
| 245 04 - TITLE STATEMENT |
| Title |
The Commonwealth ministers reference book. |
| 260 ## - PUBLICATION, DISTRIBUTION, ETC. (IMPRINT) |
| Materials specified |
1990- : |
| Place of publication, distribution, etc. |
London : |
| Name of publisher, distributor, etc. |
Kensington Publications in conjunction with the Commonwealth Secretariat, |
| Date of publication, distribution, etc. |
[1989]- |
| 260 3# - PUBLICATION, DISTRIBUTION, ETC. (IMPRINT) |
| Materials specified |
<2010-> : |
| Place of publication, distribution, etc. |
London : |
| Name of publisher, distributor, etc. |
Henley Media Group in association with the Commonwealth Secretariat |
| 300 ## - PHYSICAL DESCRIPTION |
| Extent |
v. : |
| Other physical details |
ill. (some col.) ; |
| Dimensions |
30 cm. |
| 310 ## - CURRENT PUBLICATION FREQUENCY |
| Current publication frequency |
Annual |
| 362 0# - DATES OF PUBLICATION AND/OR SEQUENTIAL DESIGNATION |
| Dates of publication and/or sequential designation |
1989/90- |
| 525 ## - SUPPLEMENT NOTE |
| Supplement note |
Issue for 2010 accompanied by CD-ROM supplement: Commonwealth ministers' connect card. |
| 588 ## - SOURCE OF DESCRIPTION NOTE |
| Source of description note |
Latest issue consulted: 2010. |
| 590 ## - LOCAL NOTE (RLIN) |
| Local note |
SERBIB/SERLOC merged record |
| 610 20 - SUBJECT ADDED ENTRY--CORPORATE NAME |
| Corporate name or jurisdiction name as entry element |
Commonwealth (Organization) |
| Form subdivision |
Directories. |
| 610 24 - SUBJECT ADDED ENTRY--CORPORATE NAME |
| Corporate name or jurisdiction name as entry element |
Commonwealth of Nations |
| General subdivision |
Directories. |
| 610 27 - SUBJECT ADDED ENTRY--CORPORATE NAME |
| Corporate name or jurisdiction name as entry element |
Commonwealth (Organization) |
| Source of heading or term |
fast |
| Authority record control number |
(OCoLC)fst00681777 |
| 650 #0 - SUBJECT ADDED ENTRY--TOPICAL TERM |
| Topical term or geographic name as entry element |
Administrative agencies |
| Geographic subdivision |
Commonwealth countries |
| Form subdivision |
Directories. |
| 650 #0 - SUBJECT ADDED ENTRY--TOPICAL TERM |
| Topical term or geographic name as entry element |
Associations, institutions, etc. |
| Geographic subdivision |
Commonwealth countries |
| Form subdivision |
Directories. |
| 650 #6 - SUBJECT ADDED ENTRY--TOPICAL TERM |
| Topical term or geographic name as entry element |
Administration publique |
| Geographic subdivision |
Pays du Commonwealth |
| Form subdivision |
Répertoires. |
| 650 #6 - SUBJECT ADDED ENTRY--TOPICAL TERM |
| Topical term or geographic name as entry element |
Associations |
| Geographic subdivision |
Pays du Commonwealth |
| Form subdivision |
Répertoires. |
| 650 #7 - SUBJECT ADDED ENTRY--TOPICAL TERM |
| Topical term or geographic name as entry element |
Administrative agencies. |
| Source of heading or term |
fast |
| Authority record control number |
(OCoLC)fst00796723 |
| 650 #7 - SUBJECT ADDED ENTRY--TOPICAL TERM |
| Topical term or geographic name as entry element |
Associations, institutions, etc. |
| Source of heading or term |
fast |
| Authority record control number |
(OCoLC)fst00819166 |
| 650 #7 - SUBJECT ADDED ENTRY--TOPICAL TERM |
| Topical term or geographic name as entry element |
Employees. |
| Source of heading or term |
fast |
| Authority record control number |
(OCoLC)fst00909111 |
| 651 #0 - SUBJECT ADDED ENTRY--GEOGRAPHIC NAME |
| Geographic name |
Commonwealth countries |
| General subdivision |
Officials and employees |
| Form subdivision |
Directories. |
| 651 #0 - SUBJECT ADDED ENTRY--GEOGRAPHIC NAME |
| Geographic name |
Commonwealth countries |
| General subdivision |
Periodicals. |
| 651 #4 - SUBJECT ADDED ENTRY--GEOGRAPHIC NAME |
| Geographic name |
Commonwealth countries |
| General subdivision |
Periodicals. |
| 651 #6 - SUBJECT ADDED ENTRY--GEOGRAPHIC NAME |
| Geographic name |
Pays du Commonwealth |
| General subdivision |
Répertoires. |
| 651 #6 - SUBJECT ADDED ENTRY--GEOGRAPHIC NAME |
| Geographic name |
Pays du Commonwealth |
| General subdivision |
Périodiques. |
| 651 #6 - SUBJECT ADDED ENTRY--GEOGRAPHIC NAME |
| Geographic name |
Pays du Commonwealth |
| General subdivision |
Fonctionnaires |
| Form subdivision |
Répertoires. |
| 651 #7 - SUBJECT ADDED ENTRY--GEOGRAPHIC NAME |
| Geographic name |
Commonwealth countries. |
| Source of heading or term |
fast |
| Authority record control number |
(OCoLC)fst01240090 |
| 655 #7 - INDEX TERM--GENRE/FORM |
| Genre/form data or focus term |
Periodicals. |
| Source of term |
fast |
| Authority record control number |
(OCoLC)fst01411641 |
| 655 #7 - INDEX TERM--GENRE/FORM |
| Genre/form data or focus term |
Directories. |
| Source of term |
fast |
| Authority record control number |
(OCoLC)fst01423796 |
| 710 2# - ADDED ENTRY--CORPORATE NAME |
| Corporate name or jurisdiction name as entry element |
Commonwealth Secretariat. |
| 906 ## - LOCAL DATA ELEMENT F, LDF (RLIN) |
| a |
7 |
| b |
cbc |
| c |
serials |
| d |
2 |
| e |
ncip |
| f |
19 |
| g |
n-oclcserc |
| 942 ## - ADDED ENTRY ELEMENTS (KOHA) |
| Source of classification or shelving scheme |
Dewey Decimal Classification |
| Koha item type |
Books |